Statistics for Countries that Could Exist in the Near Future

Click here to take the quiz!

General Stats

  • This quiz has been taken 138 times
  • The average score is 8 of 10

Answer Stats

HintCountry% Correct
England, Northern Ireland, Wales, and...Scotland
96%
This region in Spain may break away soon.Catalonia
92%
This US state that was once a country may be independent again.Texas
92%
If a giant war broke out in Asia, North and South ______ may be together again.Korea
91%
This Himalayan part of China does to be independent again.Tibet
90%
Will this Muslim state in Israel finally gain its independence?Palestine
88%
The differences between the regions Flanders and Wallonia may divide this country.Belgium
83%
This “Stan” may give a large Middle Eastern ethnic group a new country.Kurdistan
78%
Somalia is too corrupt for this nation that may break away.Somaliland
76%
A part of western (although it goes by eastern) China that is majority Muslim may break away and make a new, independent countryTurkestan
31%

Score Distribution

Percentile by Number Answered

Percent of People with Each Score

Your Score History

You have not taken this quiz